| 000 | 01021nam a2200217 i 4500 | ||
|---|---|---|---|
| 001 | 98693 | ||
| 003 | ES-MaACL | ||
| 005 | 20230906182341.0 | ||
| 007 | t| | ||
| 008 | 051020s1862 sp ||||1| spa d | ||
| 100 | 1 |
_aCamprodón, Francisco. _934301 |
|
| 245 | 1 | 4 |
_aUna vieja _b: zarzuela en un acto, arreglada a la escena española / _cpor Francisco Camprodón ; música del maestro Gaztambide. |
| 250 | _a3ª ed. | ||
| 260 |
_aMadrid : _b[s.n.], _c1862 ( _fImpr. de José Rodríguez) |
||
| 300 |
_a40 p. ; _c19 cm. |
||
| 500 | _aEn port.: Representada por primera vez en el teatro de la Zarzuela en diciembre de 1860. | ||
| 500 | _aSolo la letra. | ||
| 700 | 1 |
_aGaztambide, Joaquín. _956168 |
|
| 852 |
_aES-MaACL _jD-2993(7) _q. - Encuadernado con otras obras _z.- Legado M. la Fuente |
||
| 852 | 1 |
_aBA _jF-8622(8) _z.- Enc. pasta española _q.- Falto de la cub. original _z.- Enc. en un vol. facticio formando parte de la col. facticia "Teatro español moderno", vol. 77 .- _z.- Firma ms. de Gustavo Saenz Diez, 1877 |
|
| 999 |
_c98693 _d98693 |
||